Statistiques concernant Les acteurs du Grand Budapest Hotel

Cliquez ici pour prendre le quiz!

Statistiques générales

  • Ce quiz a été pris 5 fois
  • Le résultat moyen est 10 sur 18

Statistiques - réponses

IndicesRéponses% Correct
Dmitri DesgoffeAdrien Brody
100%
L'écrivain (jeune)Jude Law
100%
M. GustaveRalph Fiennes
80%
M. IvanBill Murray
60%
A. J. HenckelsEdward Norton
60%
Zero Moustafa (âgé)F. Murray Abraham
60%
LudvigHarvey Keitel
60%
Serge XMathieu Amalric
60%
M. ChuckOwen Wilson
60%
Mme D.Tilda Swinton
60%
JoplinWillem Dafoe
60%
M. JeanJason Schwartzman
40%
AgathaSaoirse Ronan
40%
Zero Moustafa (jeune)Tony Revolori
40%
M. MartinBob Balaban
20%
Vilmos KovacsJeff Goldblum
20%
ClotildeLéa Seydoux
20%
L'écrivain (âgé)Tom Wilkinson
20%

Distribution des résultats

Percentile par nombre de réponses

% des personnes avec chaque résultat

Votre développement - résultats

Vous n’avez pas pris ce quiz